书目信息 |
| 题名: |
程序设计语言:原理与实践
|
|
| 作者: | 劳登 著 | |
| 分册: | ||
| 出版信息: | 北京 电子工业出版社 2003.01 |
|
| 页数: | 694页 | |
| 开本: | 24cm | |
| 丛书名: | ||
| 单 册: | ||
| 中图分类: | TP312 | |
| 科图分类: | ||
| 主题词: | 软件 | |
| 电子资源: | ||
| ISBN: | 7-5053-9787-7 | |
| 000 | 00566nam0 2200193 45 | |
| 001 | 0441670539 | |
| 005 | 20050120085838.10 | |
| 010 | @a7-5053-9787-7@dCNY 48.00 | |
| 100 | @a20040924d2003 km y0chiy0120 ea | |
| 101 | 0 | @aeng |
| 102 | @aCN@b110000 | |
| 200 | 1 | @a程序设计语言:原理与实践@ACheng Xu She Ji Yu Yan:Yuan Li Yu Shi Jian@f(美)劳登著@F(Mei)Lao Deng Zhu |
| 210 | @a北京@c电子工业出版社@d2003.01 | |
| 215 | @a694页@d24cm | |
| 606 | 0 | @a软件 |
| 690 | @aTP312@v4 | |
| 701 | 0 | @a劳登@ALao Deng@4著 |
| 801 | 0 | @aCN@bPFT@c20050120 |
| 905 | @a平顶山工学院@dTP312@eL059 | |
| 程序设计语言:原理与实践/(美)劳登著.-北京:电子工业出版社,2003.01 |
| 694页;24cm |
| ISBN 7-5053-9787-7:CNY 48.00 |
| ● |
| 相关链接 |
|
|
|
正题名:程序设计语言:原理与实践
索取号:TP312/L059
 
预约/预借
| 序号 | 登录号 | 条形码 | 馆藏地/架位号 | 状态 | 备注 |
| 1 | 396597 | 203965977 | 自科二线504/504自科库 7排2列5层/ [索取号:TP312/L059] | 在馆 | |
| 2 | 396598 | 203965986 | 自科二线504/504自科库 7排2列5层/ [索取号:TP312/L059] | 在馆 | |
| 3 | 396599 | 203965995 | 自科二线504/504自科库 7排3列4层/ [索取号:TP312/L059] | 在馆 | |
| 4 | 439282 | 204392825 | 期刊室512/301自科库 45排3列1层/ [索取号:TP312/L059] | 在馆 | |
| 5 | 439283 | 204392834 | 自科库301/301自科库 49排3列2层/ [索取号:TP312/L059] | 在馆 | |
| 6 | 439284 | 204392843 | 自科二线504/504自科库 7排2列3层/ [索取号:TP312/L059] | 在馆 |